Convenio entre el Excelentísimo Ayuntamiento de Pamplona y la Junta Central de Acuartelamiento del Ministerio del Ejército para la cesión de propiedades y terrenos militares enclavados en el casco urbano de esta ciudad. (Record no. 47172)

MARC details
000 -LEADER
campo de control de longitud fija 00727nam a2200181 i 4500
001 - NÚMERO DE CONTROL
campo de control 47172
003 - IDENTIFICADOR DE NÚMERO DE CONTROL
campo de control ES-MaACL
005 - FECHA Y HORA DE LA ÚLTIMA TRANSACCIÓN
campo de control 20250811072828.0
007 - CAMPO FIJO DE DESCRIPCIÓN FÍSICA--INFORMACIÓN GENERAL
campo de control de longitud fija t|
008 - DATOS DE LONGITUD FIJA--INFORMACIÓN GENERAL
campo de control de longitud fija 030404s1964 sp ||||1| spa d
110 2# - ENTRADA PRINCIPAL--NOMBRE DE ENTIDAD CORPORATIVA
Nombre de entidad corporativa o nombre de jurisdicción como elemento de entrada Pamlona.
Unidad subordinada Ayuntamiento.
9 (RLIN) 6110
245 10 - MENCIÓN DEL TÍTULO
Título Convenio entre el Excelentísimo Ayuntamiento de Pamplona y la Junta Central de Acuartelamiento del Ministerio del Ejército para la cesión de propiedades y terrenos militares enclavados en el casco urbano de esta ciudad.
260 ## - PUBLICACIÓN, DISTRIBUCIÓN, ETC.
Lugar de publicación, distribución, etc. [Pamplona :
Nombre del editor, distribuidor, etc. s.n.,
Fecha de publicación, distribución, etc. 1964] (
Fabricante Imp. Cometip)
300 ## - DESCRIPCIÓN FÍSICA
Extensión 15 h. :
Otras características físicas 3 map. ;
Dimensiones 34 cm.
710 1# - ENTRADA AGREGADA--NOMBRE DE ENTIDAD CORPORATIVA
Nombre de entidad corporativa o nombre de jurisdicción como elemento de entrada España.
Unidad subordinada Ministerio del Ejército
9 (RLIN) 3939
852 ## - LOCALIZACIÓN
Ubicación ES-MaACL
Número de control de estantería 1943-F-25
Sublocalización o colección R.56023
Holdings
Estatus retirado Estado de pérdida Estado de daño No para préstamo Colección Biblioteca de origen Biblioteca actual Ubicación en estantería Fecha de adquisición Fuente de adquisición Total de préstamos Signatura topográfica completa Código de barras Visto por última vez Precio de reemplazo Tipo de ítem Koha
        Colección de folletos Biblioteca del Ateneo de Madrid Biblioteca del Ateneo de Madrid Depósito folletos 17/01/2008     1943-F-25 1049617 23/02/2023 23/02/2023 Folleto